000 00639nam a2200193 4500
001 108421
003 ES-MaACL
007 t|
008 061121s1984 sp r ||||1| spa d
100 1 _aMontero Gibert, José Ramón.
_982524
245 1 3 _aEl control parlamentario /
_cJosé Ramón Montero Gibert, Joaquín García Morillo.
260 _aMadrid :
_bTecnos,
_c1984.
300 _a205 p. ;
_c18 cm.
490 1 _aTemas clave de la Constitución Española
700 1 _aGarcía Morillo, Joaquín.
_955003
830 0 _aTemas clave de la Constitución Española
_9178650
852 _aES-MaACL
_jL-6472
_bR.107238
999 _c108421
_d108421